| 000 | 00960nam a22002535a 4500 | ||
|---|---|---|---|
| 005 | 20090523140339.0 | ||
| 008 | 080726s2008 ii a b 001 0 eng | ||
| 010 | _aENG-93679 | ||
| 020 |
_a9788178001543 _c250.00 |
||
| 035 | _aEN-77212 | ||
| 037 | _bDBAD / PUB | ||
| 040 |
_adpl _bEnglish |
||
| 082 | _a620.00151 | ||
| 100 | _aRao, P.B. Bhaskar | ||
| 245 |
_aEngineering mathematics-III / _cby P.B. Bhaskar Rao, S.K.V.s. Sriramachary [and] M. Bhujanga Rao |
||
| 250 | _a2nd ed. | ||
| 260 |
_aHyderabad _bBS Publications _c2008 |
||
| 270 |
_a4-4-309, Giriraj Lane, Sultan Bazar, _bHyderabad _e500095 |
||
| 300 |
_axviii, 525p. _c25cm(pbk) |
||
| 700 | _aSriramachary, S.K.V.S. | ||
| 700 | _aRao, M. Bhujanga | ||
| 942 |
_2ddc _cEN _mRAO _h620.00151 |
||
| 999 |
_c26718 _d26718 |
||